[Rezension von: The early reception of Paul the Second Temple Jew : text, narrative and reception history]

Saved in:  
Bibliographic Details
Main Author: Ábel, František 1964- (Author)
Format: Print Review
Language:English
Check availability: HBZ Gateway
Interlibrary Loan:Interlibrary Loan for the Fachinformationsdienste (Specialized Information Services in Germany)
Published: 2023
In: Henoch
Year: 2023, Volume: 45, Issue: 1, Pages: 158-164
Review of:The early reception of Paul the Second Temple Jew (London : T&T Clark, 2019) (Ábel, František)
The early reception of Paul the Second Temple Jew ([London] : Bloomsbury Publishing, 2019) (Ábel, František)
The early reception of Paul the Second Temple Jew (London : Bloomsbury Publishing PLC, 2018) (Ábel, František)
RelBib Classification:BH Judaism
HC New Testament
Further subjects:B Book review

MARC

LEADER 00000caa a2200000 c 4500
001 1905006241
003 DE-627
005 20250805153655.0
007 tu
008 241007s2023 xx ||||| o 00| ||eng c
035 |a (DE-627)1905006241 
035 |a (DE-599)KXP1905006241 
040 |a DE-627  |b ger  |c DE-627  |e rda 
041 |a eng 
084 |a 1  |2 ssgn 
100 1 |e VerfasserIn  |0 (DE-588)1106267710  |0 (DE-627)86296170X  |0 (DE-576)473956160  |4 aut  |a Ábel, František  |d 1964- 
109 |a Ábel, František 1964- 
245 1 0 |a [Rezension von: The early reception of Paul the Second Temple Jew : text, narrative and reception history] 
264 1 |c 2023 
336 |a Text  |b txt  |2 rdacontent 
337 |a ohne Hilfsmittel zu benutzen  |b n  |2 rdamedia 
338 |a Band  |b nc  |2 rdacarrier 
601 |a Historie 
652 |a BH:HC 
655 7 |a Rezension  |0 (DE-588)4049712-4  |0 (DE-627)106186019  |0 (DE-576)209083166  |2 gnd-content 
773 0 8 |i Enthalten in  |t Henoch  |d Brescia : Ed. Morcelliana, 1979  |g 45(2023), 1, Seite 158-164  |w (DE-627)129895202  |w (DE-600)304893-7  |w (DE-576)015218406  |x 0393-6805  |7 nnas 
773 1 8 |g volume:45  |g year:2023  |g number:1  |g pages:158-164 
787 0 8 |i Rezension von  |t The early reception of Paul the Second Temple Jew  |b First published  |d London : T&T Clark, 2019  |h vii, 330 Seiten  |w (DE-627)1027593488  |w (DE-576)511352107  |z 9780567675224 
787 0 8 |i Rezension von  |t The early reception of Paul the Second Temple Jew  |d [London] : Bloomsbury Publishing, 2019  |h 1 Online-Ressource (viii, 330 pages)  |w (DE-627)1681961156  |z 9780567675248  |z 9780567684325  |z 9780567675231 
787 0 8 |i Rezension von  |t The early reception of Paul the Second Temple Jew  |d London : Bloomsbury Publishing PLC, 2018  |h 1 Online-Ressource (339 pages)  |w (DE-627)1031334610  |z 9780567675231 
935 |a BIIN 
951 |a AR 
BIB |a 1 
ELC |b 1 
ITA |a 1  |t 1 
LOK |0 000 xxxxxcx a22 zn 4500 
LOK |0 001 458824454X 
LOK |0 003 DE-627 
LOK |0 004 1905006241 
LOK |0 005 20241015113105 
LOK |0 008 241007||||||||||||||||ger||||||| 
LOK |0 040   |a DE-Tue135-1  |c DE-627  |d DE-Tue135-1 
LOK |0 852   |a DE-Tue135-1 
LOK |0 852 1  |m p  |9 00 
LOK |0 852 2  |b FTH Z4-288  |9 00 
LOK |0 8564   |u https://bibsearch.uibk.ac.at/AC00348314 
LOK |0 935   |a inzs 
LOK |0 936ln  |0 1442044136  |a HC 
LOK |0 936ln  |0 1442043520  |a BH 
LOK |0 938   |k p 
LOK |0 939   |a 07-10-24  |b l01 
ORI |a SA-MARC-ixtheoa001.raw 
REL |a 1 
SUB |a BIB  |a REL